[Event "74th Tata Steel GMA"]
[Site "Wijk aan Zee NED"]
[Date "2012.01.24"]
[Round "9"]
[White "Ivanchuk, V."]
[Black "Giri, A."]
[Result "1-0"]
[WhiteElo "2766"]
[BlackElo "2714"]
[PlyCount "113"]
[EventDate "2012.01.14"]

1. d4 d5 2. c4 e6 3. Nc3 Be7 4. Bf4 Nf6 5. e3 O-O 6. Rc1 c5 ({RR} 6... dxc4 7.
Bxc4 a6 8. Bd3 Bd6 9. Bg5 h6 10. Bh4 Nbd7 11. Nf3 Be7 12. O-O c5 13. dxc5 Nxc5
14. Bb1 Qxd1 15. Rfxd1 Re8 16. Ne5 b5 17. Nc6 Bf8 18. f3 g5 19. Bf2 Bd7 20. Ne5
Bc8 21. e4 {Kasparov,G (2812)-Karpov,A (2619) Valencia 2009 1-0 (56)}) 7. dxc5
({RR} 7. cxd5 Nxd5 8. Bg3 cxd4 9. exd4 Bg5 10. Rc2 Nb4 11. Re2 b6 12. a3 N4c6
13. Nf3 Ba6 14. Rc2 Bxf1 15. Kxf1 Bf6 16. Rd2 Ne7 17. Ne5 Nd5 18. Qf3 Na6 19.
Nxd5 exd5 20. h4 Rc8 21. Ng4 Re8 {Fridman,D (2661)-Stern,R (2483) Bonn GER
2011 1/2-1/2 (104)}) 7... Qa5 8. Nf3 $146 ({RR} 8. Bd6 Bxd6 9. cxd6 Rd8 10. Nf3
Rxd6 11. Be2 Rd8 12. cxd5 Nxd5 13. Qc2 Nc6 14. a3 Bd7 15. O-O Rac8 16. Nxd5 Nd4
17. Ne7+ Kf8 18. Nxc8 Nxc2 19. Nd6 Bc6 20. Nxf7 Rd2 21. b4 Qd5 22. Bd1 Nxa3 {
Chernin,A (2570)-Beliavsky,A (2630) Minsk 1987 0-1 (45)}) 8... Rd8 9. Qc2 Nc6
10. a3 h6 11. Be2 dxc4 12. Nd2 Qxc5 13. Nxc4 Qf5 14. Bf3 Nd4 15. Qxf5 Nxf3+ 16.
gxf3 exf5 17. Rg1 Kf8 18. Nb5 Ne8 19. Ke2 g5 20. Be5 f6 21. Bc3 Bd7 22. Nd4
Rac8 23. Bb4 Bxb4 24. axb4 Ke7 25. Rgd1 f4 26. b3 fxe3 27. fxe3 Be6 28. Ra1 a6
29. Ra5 Bxc4+ 30. bxc4 Nd6 31. c5 Nc4 32. Ra2 Kf7 33. c6 Rc7 34. Ne6 Rxd1 35.
Nxc7 Rb1 36. b5 Nd6 37. bxa6 bxa6 38. e4 f5 39. e5 Nb5 40. Nxb5 Rxb5 41. Kd3
Ke6 42. Rc2 Rb8 43. Kd4 h5 44. c7 Rc8 45. Rc6+ Kd7 46. Rh6 Rxc7 47. Rxh5 Rb7
48. Rh7+ Kc8 49. Rh8+ Kd7 50. Rh7+ Kc8 51. Rxb7 Kxb7 52. f4 gxf4 53. h4 a5 54.
e6 Kc7 55. h5 a4 56. e7 Kd7 57. h6 1-0

[Event "74th Tata Steel GMA"]
[Site "Wijk aan Zee NED"]
[Date "2012.01.24"]
[Round "9"]
[White "Nakamura, Hi"]
[Black "Topalov, V."]
[Result "1/2-1/2"]
[WhiteElo "2759"]
[BlackElo "2770"]
[PlyCount "74"]
[EventDate "2012.01.14"]

1. c4 e5 2. Nc3 Nf6 3. g3 c6 4. Nf3 e4 5. Nd4 Qb6 6. Nb3 a5 7. d3 ({RR} 7. Na4
Qb4 8. Nd4 Bc5 9. e3 Bxd4 10. exd4 Na6 11. b3 d5 12. a3 Qe7 13. Nb6 Bg4 14. Be2
Bxe2 15. Qxe2 Rd8 16. c5 Nc7 17. d3 O-O 18. O-O Ne6 19. Be3 Nd7 20. Nxd7 Rxd7
21. Qd2 f5 {Forintos,G (2490)-Tompa,J (2415) Budapest 1976 0-1 (57)}) ({RR} 7.
Rb1 d5 8. cxd5 Bf5 9. e3 Nbd7 10. d4 cxd5 11. Be2 Bh3 12. Bf1 Bxf1 13. Kxf1 Bb4
14. Bd2 a4 15. Na1 O-O 16. a3 Bxc3 17. Bxc3 Qe6 18. Kg2 h5 19. h4 Ng4 20. Qe2
Rfc8 21. Nc2 Nb6 {Galasso,L (1975)-Martorelli,A (2236) Bisaccia 2009 0-1 (32)})
7... a4 8. Nd2 exd3 $146 ({RR} 8... e3 9. fxe3 Ng4 10. Nde4 Nxe3 11. Bxe3 Qxe3
12. Nxa4 d5 13. cxd5 Qd4 14. Nac3 cxd5 15. Nd2 Bc5 16. e3 Qxe3+ 17. Qe2 Qxe2+
18. Bxe2 Be6 19. Nb5 Bb6 20. Nf3 Nc6 21. a3 h6 22. O-O-O O-O-O 23. Kb1 {Honfi,
K-Barczay,L Budapest 1964 0-1 (54)}) ({RR} 8... a3 9. Qb3 Qxb3 10. axb3 axb2
11. Bxb2 Rxa1+ 12. Bxa1 exd3 13. exd3 d5 14. cxd5 cxd5 15. Bg2 Be6 16. Nb5 Nc6
17. Bxf6 gxf6 18. Nc7+ Kd8 19. Nxd5 Nd4 {1/2-1/2 (19) Kasubke,M (1950)
-Ingenerf,S (2280) Germany 1989}) ({RR} 8... e3 9. fxe3 Ng4 10. Nde4 Nxe3 11.
Qd2 Nxf1 {1/2-1/2 (11) Hofland,L-Sosonko,G (2575) Leeuwarden 1978}) 9. exd3 Bc5
10. Qe2+ Kd8 11. Nde4 Re8 12. Be3 Bxe3 13. fxe3 a3 14. Rb1 d5 15. c5 Qb4 16.
Nxf6 gxf6 17. Qd2 axb2 18. Nd1 Qxc5 19. d4 Qd6 20. Rxb2 b5 21. Bd3 Bh3 22. Nc3
Nd7 23. Kf2 Nb6 24. a4 Nxa4 25. Ra1 Re7 26. Rba2 Rea7 27. Qc2 h6 28. Nxa4 bxa4
29. Rxa4 Rxa4 30. Rxa4 Rxa4 31. Qxa4 Ke7 32. Qa7+ Kf8 33. Qc5 Qxc5 34. dxc5 Bg4
35. Bc2 Ke7 36. Ba4 Kd7 37. Ke1 Bf5 1/2-1/2

[Event "74th Tata Steel GMA"]
[Site "Wijk aan Zee NED"]
[Date "2012.01.24"]
[Round "9"]
[White "Carlsen, M."]
[Black "Karjakin, Sergey"]
[Result "0-1"]
[WhiteElo "2835"]
[BlackElo "2769"]
[PlyCount "120"]
[EventDate "2012.01.14"]

1. Nf3 Nf6 2. c4 b6 3. Nc3 Bb7 4. d4 e6 5. a3 d5 6. Bg5 Be7 7. e3 O-O 8. Rc1 h6
9. Bxf6 Bxf6 10. cxd5 exd5 11. Bd3 c5 12. O-O $146 ({RR} 12. dxc5 bxc5 13. O-O
Nc6 14. Bb1 d4 15. Qc2 g6 16. Ne4 d3 17. Nxf6+ Qxf6 18. Qxd3 Qxb2 19. Rxc5 Rad8
20. Qc3 Qxc3 21. Rxc3 Rd6 22. Be4 Nd4 23. Nxd4 Bxe4 24. Rfc1 Ra6 25. f3 Bd5 26.
Rc5 Ba2 {Hellwege,W (2030)-Hobusch,W (2124) Dresden 2007 1/2-1/2 (67)}) ({RR} 
12. Bb1 Ba6 13. dxc5 d4 14. Nxd4 bxc5 15. Qc2 g6 16. Ne6 Bxc3+ 17. bxc3 Qd5 18.
Nxf8 Qxg2 19. Qe4 Qh3 {1-0 (19) Grosse Hering,P-Schulz,O Germany 1995}) 12...
Na6 13. Ne5 cxd4 14. exd4 Bxe5 15. dxe5 Nc5 16. Re1 Re8 17. f4 d4 18. Ne4 Bxe4
19. Bxe4 d3 20. Rc4 Rc8 21. Bf5 Qd5 22. Rc3 Rcd8 23. Qd2 Qd4+ 24. Kh1 a5 25.
Rb1 a4 26. Rd1 Rd5 27. h4 g6 28. Bxd3 Red8 29. Qe1 Qxf4 30. e6 Nxe6 31. Bc2 b5
32. Rxd5 Rxd5 33. Re3 Nd4 34. Bd3 Kg7 35. Kg1 Qf6 36. Kh2 Rh5 37. Rh3 Ne6 38.
Rf3 Rxh4+ 39. Kg1 Qd4+ 40. Qf2 Qxf2+ 41. Kxf2 b4 42. Re3 Rd4 43. Bb5 Kf6 44.
Rf3+ Ke7 45. Rd3 bxa3 46. bxa3 Rf4+ 47. Ke3 f5 48. Rd7+ Kf6 49. Rd6 Re4+ 50.
Kf2 Kg5 51. Be8 Nf4 52. Bb5 Re5 53. Bc4 Nh5 54. Ra6 Nf6 55. Rxa4 Ng4+ 56. Kf1
Kh4 57. Be2 Kg3 58. Bxg4 fxg4 59. Rb4 h5 60. a4 Kh2 0-1

[Event "74th Tata Steel GMA"]
[Site "Wijk aan Zee NED"]
[Date "2012.01.24"]
[Round "9"]
[White "Kamsky, G."]
[Black "Radjabov, T."]
[Result "1/2-1/2"]
[WhiteElo "2732"]
[BlackElo "2773"]
[PlyCount "109"]
[EventDate "2012.01.14"]

1. e4 e5 2. Nf3 Nc6 3. Bb5 a6 4. Ba4 Nf6 5. d3 d6 6. c3 Bd7 7. O-O g6 8. Re1
Bg7 9. d4 ({RR} 9. Bg5 h6 10. Bh4 g5 11. Bg3 Nh5 12. Nxe5 Nxe5 13. Bxd7+ Qxd7
14. Bxe5 dxe5 15. Qxh5 Qxd3 16. Na3 Qd6 17. Nc4 Qe6 18. Ne3 O-O-O 19. Nf5 Bf6
20. g3 Rd7 21. Re2 Rhd8 22. Kg2 a5 23. b3 Kb8 {Topalov,V (2735)-Anand,V (2766)
Bastia 2003 0-1 (61)}) 9... O-O 10. dxe5 ({RR} 10. Nbd2 Re8 11. d5 Ne7 12. Bxd7
Nxd7 13. Nc4 h6 14. b4 Rf8 15. a4 f5 16. Nfd2 Nf6 17. f3 h5 18. Nf1 f4 19. Na5
b6 20. Nb3 g5 21. c4 Qd7 22. Qd3 Ng6 23. a5 bxa5 24. Rxa5 Nh4 {Minasian,A 
(2525)-Melkumyan,H (2620) Yerevan ARM 2012 0-1 (36)}) 10... Nxe5 11. Nxe5 dxe5
$146 ({RR} 11... Bxa4 12. Qxa4 dxe5 13. Nd2 Nd7 14. Nf3 Nc5 15. Qc4 b6 16. Be3
Qd3 17. Qxd3 Nxd3 18. Re2 Rad8 19. Rd2 Rd6 20. b3 Rfd8 21. Ne1 Nxe1 22. Rxd6
Nf3+ 23. gxf3 Rxd6 24. Kf1 f5 25. Ke2 f4 26. Bd2 {Gerer,J-Hecht,H Voelklingen
1970 0-1 (33)}) 12. Bg5 Bxa4 13. Qxa4 h6 14. Bh4 Qd6 15. Na3 b5 16. Qb3 Rfd8
17. f3 Bf8 18. Red1 Qb6+ 19. Kf1 Be7 20. Bf2 Bc5 21. Bg3 Re8 22. Nc2 Nh5 23.
Be1 Rad8 24. Nb4 c6 25. Nd3 Be3 26. a4 Nf4 27. Nxf4 exf4 28. c4 bxc4 29. Qxb6
Bxb6 30. Rxd8 Rxd8 31. Rc1 Be3 32. Rxc4 c5 33. Ke2 Kf8 34. h4 Ke7 35. g3 Rb8
36. b4 cxb4 37. Bxb4+ Kd7 38. Bc3 Rb1 39. Be5 fxg3 40. Rc7+ Ke6 41. Bxg3 Bb6
42. Rc6+ Kd7 43. Rf6 Ke7 44. e5 Rb2+ 45. Kd3 Bf2 46. Bxf2 Rxf2 47. h5 gxh5 48.
Ke3 Ra2 49. Rxa6 h4 50. Kf4 h3 51. Rxh6 Rxa4+ 52. Kf5 Ra2 53. Rxh3 Ra3 54. Kf4
f6 55. exf6+ 1/2-1/2

[Event "74th Tata Steel GMA"]
[Site "Wijk aan Zee NED"]
[Date "2012.01.24"]
[Round "9"]
[White "Aronian, L."]
[Black "Caruana, F."]
[Result "1-0"]
[WhiteElo "2805"]
[BlackElo "2736"]
[PlyCount "93"]
[EventDate "2012.01.14"]

1. Nf3 c5 2. c4 Nc6 3. Nc3 e5 4. e3 Nf6 5. d4 cxd4 6. exd4 e4 7. Ne5 Bb4 8. Be2
Qa5 9. O-O Nxe5 10. dxe5 Qxe5 11. Bd2 Bc5 12. Nb5 O-O 13. b4 Be7 $146 ({RR} 
13... Bd4 14. Nxd4 Qxd4 15. Bf4 Qxd1 16. Rfxd1 b6 17. a4 Bb7 18. a5 d5 19. a6
Bc6 20. b5 Bd7 21. Bg5 Be6 22. Bxf6 gxf6 23. cxd5 Bd7 24. f3 exf3 25. gxf3 Rfe8
26. Kf2 Rac8 27. Rac1 Kf8 28. Bd3 {Buhmann,R (2579)-Gschnitzer,O (2444) Bonn
GER 2011 1-0 (46)}) 14. f4 Qe6 15. Be3 Bxb4 16. Nc7 Qc6 17. Nxa8 b6 18. Rb1 Bc5
19. Bxc5 bxc5 20. Rb8 Bb7 21. Rxf8+ Kxf8 22. Qb3 g6 23. Rb1 Bxa8 24. Qb8+ Kg7
25. Qxa7 e3 26. Bf3 d5 27. Re1 Qd6 28. Qxa8 d4 29. Qa3 Qxf4 30. Rf1 Qe5 31. Qd3
Qe8 32. g3 h5 33. Bg2 Qa4 34. a3 Qa5 35. Bf3 Qa6 36. Be2 Qa5 37. Qb1 Qd2 38.
Qe1 Qa2 39. g4 hxg4 40. Qg3 Qxe2 41. Qe5 d3 42. Rxf6 Kh6 43. Rxf7 Qe1+ 44. Kg2
Qe2+ 45. Kg3 Qe1+ 46. Kxg4 Qg1+ 47. Kh3 1-0

[Event "74th Tata Steel GMA"]
[Site "Wijk aan Zee NED"]
[Date "2012.01.24"]
[Round "9"]
[White "Gashimov, V."]
[Black "Navara, D."]
[Result "1/2-1/2"]
[WhiteElo "2761"]
[BlackElo "2712"]
[PlyCount "79"]
[EventDate "2012.01.14"]

1. e4 e5 2. Nf3 Nc6 3. Bb5 Nf6 4. d3 Bc5 5. c3 O-O 6. Nbd2 d6 7. h3 ({RR} 7.
Qe2 a6 8. Ba4 Ba7 9. Nf1 Ne7 10. Be3 Ng6 11. g3 d5 12. Bxa7 Rxa7 13. Bc2 Re8
14. O-O-O c6 15. h4 h6 16. h5 Nf8 17. Ne3 b5 18. exd5 cxd5 19. d4 e4 20. Ne5
Rc7 21. f4 exf3 {Vachier Lagrave,M (2699)-Fressinet,L (2693) Le Port-Marly FRA
2012 1-0 (59)}) 7... a6 8. Ba4 Ba7 9. Nf1 d5 $146 ({RR} 9... Ne7 10. Qe2 Ng6
11. g3 b5 12. Bc2 d5 13. Ne3 Re8 14. h4 c5 15. h5 Nf8 16. Nh4 Ne6 17. Nhf5 dxe4
18. dxe4 c4 19. Ng4 Nxg4 20. Qxg4 Qf6 21. Qe2 Nd4 22. cxd4 exd4 23. g4 d3 24.
Bxd3 {Lindberg,B (2412)-Semcesen,D (2416) Sweden SWE 2010 0-1 (32)}) 10. Qe2 b5
11. Bb3 d4 12. Ng3 a5 13. Bg5 h6 14. Bd5 hxg5 15. Bxc6 Rb8 16. cxd4 Bxd4 17.
Rc1 Rb6 18. Qc2 g4 19. Nxd4 Qxd4 20. hxg4 Nxg4 21. Qd2 Qd6 22. Bd5 a4 23. Nh5
Qe7 24. f3 Nh6 25. g4 Rg6 26. Ng3 Qd8 27. Rh5 Be6 28. g5 Bxd5 29. gxh6 Rxg3 30.
Qh2 Rg5 31. hxg7 Kxg7 32. Rh7+ Kf6 33. exd5 Qxd5 34. Rh6+ Ke7 35. Rxc7+ Kd8 36.
Rhc6 Qxf3 37. Rc8+ Ke7 38. R8c7+ Kd8 39. Rc8+ Ke7 40. R8c7+ 1/2-1/2

[Event "74th Tata Steel GMA"]
[Site "Wijk aan Zee NED"]
[Date "2012.01.25"]
[Round "10"]
[White "Navara, D."]
[Black "Ivanchuk, V."]
[Result "0-1"]
[WhiteElo "2712"]
[BlackElo "2766"]
[PlyCount "82"]
[EventDate "2012.01.14"]

1. d4 Nf6 2. c4 e6 3. Nf3 c5 4. d5 d6 5. Nc3 exd5 6. cxd5 g6 7. e4 Bg7 8. h3 a6
9. a4 Nbd7 10. Bd3 Nh5 11. Bg5 Bf6 12. Be3 O-O 13. O-O Re8 14. a5 Rb8 15. Qc2
Ne5 16. Be2 Nxf3+ 17. Bxf3 Ng7 18. Bf4 $146 ({RR} 18. Na4 Bd7 19. Nb6 Bb5 20.
Rfe1 Be5 21. Qd2 f5 22. Bg5 Qc7 23. Rac1 Qf7 24. b4 cxb4 25. Qxb4 fxe4 26. Rxe4
Nf5 27. Nc4 Bxc4 28. Rexc4 {1/2-1/2 (28) Demuth,A (2339)-Spraggett,K (2606)
Arinsal 2009}) 18... b5 19. axb6 Rxb6 20. Ra2 Bd4 21. Ne2 Be5 22. Bxe5 Rxe5 23.
Nf4 Bd7 24. Rfa1 Bb5 25. Be2 Qf6 26. Bxb5 Qxf4 27. Bd3 f5 28. g3 Qf3 29. exf5
Nxf5 30. Bxf5 Re2 31. Be6+ Kf8 32. Qxe2 Qxe2 33. b4 Qe4 34. Rxa6 Rxa6 35. Rxa6
c4 36. Rc6 c3 37. Rc8+ Kg7 38. Rc7+ Kf6 39. Kh2 Qd4 40. f4 g5 41. fxg5+ Ke5 0-1

[Event "74th Tata Steel GMA"]
[Site "Wijk aan Zee NED"]
[Date "2012.01.25"]
[Round "10"]
[White "Radjabov, T."]
[Black "Van Wely, L."]
[Result "1/2-1/2"]
[WhiteElo "2773"]
[BlackElo "2692"]
[PlyCount "79"]
[EventDate "2012.01.14"]

1. d4 f5 2. Nf3 Nf6 3. Bg5 e6 4. Nbd2 d5 5. e3 Be7 6. c4 c6 7. Qc2 O-O 8. Bd3
Ne4 9. Bxe7 Qxe7 10. Ne5 Nd7 11. Ndf3 $146 ({RR} 11. Nxd7 Bxd7 12. O-O Nxd2 13.
Qxd2 e5 14. cxd5 cxd5 15. dxe5 Qxe5 {1/2-1/2 (15) Burdalev,K (2254)
-Vdovichenko,V (2193) Kiev 2010}) ({RR} 11. Nxd7 Bxd7 12. Nf3 Be8 13. Ne5 Bh5
14. O-O Nd6 15. cxd5 cxd5 16. Rac1 Rfc8 17. Qa4 Rxc1 18. Rxc1 Rc8 19. Rc5 b6
20. Rxc8+ Nxc8 21. Qc6 Nd6 22. Qa8+ Be8 23. Qb8 h6 24. Nc6 Qb7 25. Qxb7 Nxb7 {
Pomes Marcet,J (2425)-Mate Adan,J Suances 1997 1-0 (39)}) 11... Qb4+ 12. Ke2
Ndf6 13. c5 Bd7 14. Rhb1 Be8 15. Kf1 h6 16. Kg1 Qa5 17. b4 Qc7 18. a4 a6 19.
Ra3 Bh5 20. Rab3 Bxf3 21. gxf3 Ng5 22. f4 Nf7 23. Ng6 Rfb8 24. b5 axb5 25. axb5
Nd7 26. f3 Nh8 27. Ne5 Nxe5 28. fxe5 Ng6 29. Kh1 Qd8 30. Qg2 Nf8 31. Rg1 Qe7
32. Qb2 Rc8 33. Qd2 Ra4 34. e4 dxe4 35. fxe4 Rd8 36. bxc6 bxc6 37. exf5 exf5
38. Qxh6 Rdxd4 39. Qxc6 Qxe5 40. Qf3 1/2-1/2

[Event "74th Tata Steel GMA"]
[Site "Wijk aan Zee NED"]
[Date "2012.01.25"]
[Round "10"]
[White "Gelfand, B."]
[Black "Gashimov, V."]
[Result "1/2-1/2"]
[WhiteElo "2739"]
[BlackElo "2761"]
[PlyCount "49"]
[EventDate "2012.01.14"]

1. d4 Nf6 2. c4 e6 3. Nf3 b6 4. g3 Bb7 5. Bg2 c5 6. d5 exd5 7. Nh4 g6 8. Nc3
Bg7 9. Bg5 ({RR} 9. O-O Na6 10. Bf4 O-O 11. Bd6 Re8 12. cxd5 b5 13. Nxb5 Qb6
14. a4 Ne4 15. Bf4 d6 16. Ra3 Nb4 17. Re3 f5 18. Bxe4 Rxe4 19. Rxe4 fxe4 20.
Bxd6 Bxd5 21. Qc1 Rc8 22. Bf4 a6 23. Nc3 Bb7 {Nyback,T (2656)-Mastrovasilis,A 
(2547) Aix-les-Bains FRA 2011 1-0 (38)}) 9... O-O $146 ({RR} 9... h6 10. Bxd5
Bxd5 11. Bxf6 Bxf6 12. Qxd5 Nc6 13. O-O-O Bxc3 14. bxc3 Qg5+ 15. f4 Qxd5 16.
cxd5 Na5 17. e4 b5 18. d6 O-O 19. Rd5 Rfc8 20. Nf3 Nc4 21. Ne5 Nb6 22. Rd2 Kg7
23. Ng4 b4 24. e5 {Hoelzl,F (2373)-Papp,G (2471) Balatonlelle 2004 0-1 (49)}) (
{RR} 9... h6 10. Bxf6 Bxf6 11. Nxd5 Bxd5 12. Bxd5 Nc6 13. Qd2 Bxh4 14. gxh4
Qxh4 15. O-O-O O-O-O 16. e3 Qf6 17. a3 Kb8 18. Qc2 Rc8 19. Rd2 Rhd8 20. Rhd1 g5
21. Bh1 Qe7 22. Qa4 f5 23. Rd6 f4 24. Kb1 {Kostic,V (2375)-Duer,A (2390)
Austria 1990 1/2-1/2}) ({RR} 9... h6 10. Bxf6 Bxf6 11. Bxd5 Bxd5 12. Qxd5 Bxc3+
13. bxc3 Nc6 14. Rd1 Qe7 15. Rd3 O-O-O 16. Re3 Qf6 17. O-O Rhf8 18. Rd1 Kc7 19.
Ng2 g5 20. Rf3 Qe6 21. Ne3 d6 22. a4 Ne5 23. Rf5 Qxd5 24. cxd5 {Sorin,A (2460)
-Slipak,S (2515) Villa Martelli 1997 0-1 (41)}) 10. Qd2 Qe8 11. Bxf6 Bxf6 12.
Nxd5 Bxd5 13. Bxd5 Nc6 14. Nf3 Rb8 15. Rc1 Nb4 16. b3 Nxd5 17. Qxd5 Qe6 18. Rd1
b5 19. cxb5 Rxb5 20. O-O Qxe2 21. Rd2 Qe6 22. Qxd7 Qxd7 23. Rxd7 Ra5 24. Rd2 c4
25. bxc4 1/2-1/2

[Event "74th Tata Steel GMA"]
[Site "Wijk aan Zee NED"]
[Date "2012.01.25"]
[Round "10"]
[White "Giri, A."]
[Black "Aronian, L."]
[Result "0-1"]
[WhiteElo "2714"]
[BlackElo "2805"]
[PlyCount "90"]
[EventDate "2012.01.14"]

1. d4 d5 2. c4 e6 3. Nc3 Be7 4. Nf3 Nf6 5. Bf4 O-O 6. e3 Nbd7 7. Be2 dxc4 8.
O-O Nb6 $146 ({RR} 8... Nd5 9. Bxc4 Nxf4 10. exf4 c5 11. dxc5 Qc7 12. g3 Qxc5
13. Qe2 Nb6 14. Bd3 Qh5 15. Qe3 Bf6 16. Ng5 Bxc3 17. bxc3 h6 18. Be2 Qg6 19.
Nf3 Qf6 20. Ne5 Bd7 21. c4 Qe7 22. Qe4 Bc6 23. Nxc6 {Aronian,L (2802)-Anand,V 
(2811) Moscow RUS 2011 1/2-1/2 (60)}) ({RR} 8... c5 9. dxc5 Nxc5 10. Bxc4 Qxd1
11. Rfxd1 b6 12. Nd4 Bb7 13. Rac1 a6 14. b4 Nce4 15. Nxe4 Bxe4 16. a3 Rfc8 17.
f3 Bb7 18. e4 a5 19. Nxe6 axb4 20. axb4 b5 21. Nc7 bxc4 22. Nxa8 Bxa8 23. Bd6 {
Gelfand,B (2744)-Kramnik,V (2800) Moscow RUS 2011 1/2-1/2 (48)}) ({RR} 8... c5
9. dxc5 Nxc5 10. Bxc4 a6 11. Nd4 Bd7 12. a3 Rc8 13. Rc1 Nce4 14. Nxe4 Nxe4 15.
Bd3 Rxc1 16. Qxc1 Nf6 17. Rd1 Qb6 18. Bc2 Rc8 19. Qb1 h6 20. Nf3 Be8 21. Be5
Bc6 22. Bd4 Qc7 23. Be5 {Aronian,L (2802)-Anand,V (2811) London ENG 2011 1/2-1/
2}) 9. Qc2 Nh5 10. Be5 f6 11. Ng5 fxg5 12. Bxh5 Bd7 13. Bf3 Rxf3 14. gxf3 Bd6
15. Qe4 Bc6 16. Qg4 Qe7 17. Bxd6 cxd6 18. Ne4 h6 19. Qg3 d5 20. Nc3 Rf8 21. Ne2
Rf5 22. Kg2 Nd7 23. Rh1 Nf8 24. h4 Ng6 25. f4 Nxh4+ 26. Kf1 Qb4 27. Rb1 Be8 28.
Nc3 Qe7 29. b4 Rf8 30. Rb2 Bg6 31. Ke1 Bd3 32. fxg5 Nf3+ 33. Kd1 hxg5 34. Qh3
Qf6 35. Kc1 Bg6 36. a4 Rd8 37. Ne2 e5 38. Qg4 exd4 39. exd4 Re8 40. Qd7 c3 41.
Ra2 Ne1 $3 42. Rxe1 (42. -- Nd3+ 43. Kd1 Nxf2+ 44. Ke1 Nxh1 $19) 42... Qf4+ $3
43. Kd1 (43. Nxf4 Rxe1#) 43... Qe4 {[%cal Ye4d3,Yd3b1]} 44. -- Qd3+ 45. Kc1
Qb1# 0-1

[Event "74th Tata Steel GMA"]
[Site "Wijk aan Zee NED"]
[Date "2012.01.25"]
[Round "10"]
[White "Nakamura, Hi"]
[Black "Carlsen, M."]
[Result "1/2-1/2"]
[WhiteElo "2759"]
[BlackElo "2835"]
[PlyCount "41"]
[EventDate "2012.01.14"]

1. Nf3 d5 2. d4 Nf6 3. c4 c6 4. Nc3 a6 5. a4 e6 6. Bf4 Be7 ({RR} 6... Bb4 7. e3
c5 8. Bd3 cxd4 9. exd4 dxc4 10. Bxc4 Nd5 11. Bd2 Nc6 12. O-O O-O 13. Re1 Be7
14. a5 b5 15. Nxd5 exd5 16. Bd3 g6 17. h3 Bf6 18. Bh6 Re8 19. Rxe8+ Qxe8 20.
Qd2 Be6 21. Qf4 {Kramnik,V (2790)-Gashimov,V (2740) Nice 2010 1-0 (53)}) ({RR} 
6... a5 7. e3 Be7 8. Be2 Na6 9. h3 Nb4 10. Qb1 O-O 11. O-O b6 12. Rd1 Ba6 13.
b3 Bd6 14. Bxd6 {1/2-1/2 (14) Kaufman,L (2406)-Ramirez,A (2594) Arlington USA
2011}) 7. e3 Nh5 $146 ({RR} 7... O-O 8. Be2 Nbd7 9. h3 dxc4 10. Bxc4 c5 11.
dxc5 Bxc5 12. O-O b6 13. Qe2 Bb7 14. Rfd1 Qe7 15. Rac1 h6 16. Ne5 Rfd8 17. e4
Bb4 18. Nxd7 Rxd7 19. Rxd7 Qxd7 20. Be5 Bxc3 21. Rxc3 Nxe4 22. Qg4 {Stocek,J 
(2585)-Braun,A (2469) Steinbrunn 2005 1-0 (52)}) ({RR} 7... O-O 8. Be2 Nbd7 9.
h3 dxc4 10. Bxc4 Nd5 11. Bg3 Qa5 12. Qc2 Bb4 13. O-O Nxc3 14. bxc3 Bxc3 15.
Rab1 Bb4 16. Ng5 Qxg5 17. Rxb4 h6 18. Bd6 Re8 19. Ba2 a5 20. Rb3 e5 21. f4 exf4
22. Bxf4 {Stocek,J (2580)-Movsesian,S (2635) Czechia 2005 1/2-1/2}) ({RR} 7...
O-O 8. Be2 a5 9. O-O Na6 10. Ne5 Nb4 11. Rc1 b6 12. b3 Bb7 13. Bf3 Nd7 14. Qd2
Ba6 15. Na2 f6 16. Nxd7 Qxd7 17. Rfd1 f5 18. Be2 Qb7 19. cxd5 exd5 20. Nxb4
Bxb4 21. Qc2 Bxe2 22. Qxe2 {Stocek,J (2578)-Laylo,D (2507) Dresden 2008 1/2-1/
2 (51)}) 8. Bd3 Nxf4 9. exf4 a5 10. O-O Na6 11. Rc1 Nb4 12. b3 O-O 13. Bb1 Bf6
14. Re1 b6 15. cxd5 cxd5 16. Na2 Nxa2 17. Bxa2 Ba6 18. Bb1 g6 19. Bd3 Bxd3 20.
Qxd3 Rc8 21. g3 1/2-1/2

[Event "74th Tata Steel GMA"]
[Site "Wijk aan Zee NED"]
[Date "2012.01.25"]
[Round "10"]
[White "Karjakin, Sergey"]
[Black "Kamsky, G."]
[Result "0-1"]
[WhiteElo "2769"]
[BlackElo "2732"]
[PlyCount "80"]
[EventDate "2012.01.14"]

1. e4 e5 2. Nf3 Nc6 3. Bb5 a6 4. Ba4 Nf6 5. O-O Be7 6. d3 b5 7. Bb3 d6 8. a4
Bd7 9. c3 O-O 10. Nbd2 ({RR} 10. Ba2 h6 11. h3 Re8 12. Re1 Bf8 13. Nbd2 Ne7 14.
Nf1 Ng6 15. N3h2 Be6 16. Bxe6 Rxe6 17. Ng4 d5 18. Nxf6+ Rxf6 19. exd5 {1/2-1/2
(19) Svidler,P (2740)-Adams,M (2733) Rogaska Slatina SLO 2011}) 10... h6 11.
Re1 Re8 12. Nh4 $146 ({RR} 12. Nf1 Bf8 13. Ne3 Na5 14. Bc2 c5 15. h3 Nc6 16.
Nh2 Be6 17. Nhg4 Nxg4 18. hxg4 Be7 19. Nd5 b4 20. a5 bxc3 21. bxc3 Nxa5 22. Ba4
Rf8 23. c4 Bg5 24. Bd2 Bxd2 25. Qxd2 Rc8 26. Reb1 Nc6 {Zhao Jun (2347)-Peng
Xiaomin (2648) HeiBei 2001 1/2-1/2 (35)}) ({RR} 12. Nf1 Bf8 13. Ng3 Na5 14. Bc2
c5 15. d4 c4 16. h3 g6 17. Be3 Bg7 18. Qd2 h5 19. Bh6 Nh7 20. Rad1 Ra7 21. Qe3
Bxh6 22. Qxh6 Qf6 23. Qe3 Rb7 24. axb5 Bxb5 25. dxe5 dxe5 26. Qc5 Qe7 {
Kilpatrick,C (2247)-Hebden,M (2556) Newport Pagnell 2010 0-1 (77)}) ({RR} 12.
Nf1 Bf8 13. Ng3 Na5 14. Bc2 c5 15. d4 c4 16. h3 g6 17. Be3 Bg7 18. Qd2 h5 19.
Bh6 Nh7 20. Rad1 Ra7 21. Qe3 Bxh6 22. Qxh6 Qf6 23. Qe3 Rb7 24. axb5 Bxb5 25.
dxe5 dxe5 26. Qc5 Qe7 {Kilpatrick,C (2247)-Hebden,M (2556) Newport Pagnell ENG
2010 0-1 (77)}) 12... b4 13. Ng6 bxc3 14. bxc3 Na5 15. Ba2 Nh7 16. Qh5 Nf6 17.
Qf3 c5 18. d4 Qc7 19. Qg3 Bd8 20. dxe5 dxe5 21. Nh4 c4 22. Nf5 Bxf5 23. exf5
Qc6 24. Ba3 Bc7 25. Qe3 Rad8 26. Ne4 Bb6 27. Nxf6+ Qxf6 28. Qe4 Rd2 29. Rf1
Red8 30. Kh1 Nb3 31. Bxb3 cxb3 32. f4 Qh4 33. Rab1 R8d3 34. Bc1 Rd1 35. Ba3
Rxb1 36. Rxb1 Re3 37. g3 Qh5 38. Qg2 exf4 39. gxf4 Re2 40. Qg3 Qxf5 0-1

[Event "74th Tata Steel GMA"]
[Site "Wijk aan Zee NED"]
[Date "2012.01.25"]
[Round "10"]
[White "Topalov, V."]
[Black "Caruana, F."]
[Result "0-1"]
[WhiteElo "2770"]
[BlackElo "2736"]
[PlyCount "78"]
[EventDate "2012.01.14"]

1. Nf3 c5 2. e4 e6 3. d4 cxd4 4. Nxd4 a6 5. Bd3 Nf6 6. O-O e5 7. Bg5 h6 8. Bxf6
Qxf6 9. Nf5 g6 10. Ne3 Bc5 11. Nc3 ({RR} 11. Nd5 Qd8 12. b4 Ba7 13. a4 d6 14.
a5 Be6 15. Bc4 O-O 16. Qd3 Nc6 17. c3 Ne7 18. Nd2 Rc8 19. Rac1 Kg7 20. Kh1 Nxd5
21. Bxd5 Qe7 {1/2-1/2 (21) Caruana,F (2727)-Nakamura,H (2758) Reggio Emilia
ITA 2012}) 11... d6 12. Ncd5 Qd8 13. Kh1 $146 ({RR} 13. c3 Be6 14. Bc2 O-O 15.
Ng4 Nd7 16. Nxh6+ Kg7 17. Nf5+ gxf5 18. exf5 Bxd5 19. Qg4+ Kh6 20. Qh3+ Kg5 21.
Qg3+ Kh5 22. Qg7 Bf3 23. Qh7+ Kg5 24. Qg7+ Kh5 25. Qh7+ Kg5 26. Qg7+ Kh5 {1/
2-1/2 (26) Karjakin,S (2763)-Svidler,P (2755) Moscow RUS 2011}) 13... Nc6 14.
Ng4 O-O 15. Ngf6+ Kg7 16. c3 Be6 17. f4 Bxd5 18. Nxd5 exf4 19. Rxf4 Qg5 20. Qf1
Ne5 21. Rd1 Rae8 22. Bc2 h5 23. Bb3 Ng4 24. g3 Rxe4 25. Rxe4 Nf2+ 26. Qxf2 Bxf2
27. Kg2 Bc5 28. h4 Qf5 29. Re2 Qg4 30. Rde1 g5 31. Re4 Qf5 32. R1e2 gxh4 33.
Nf4 Qg5 34. Kh1 d5 35. Bxd5 hxg3 36. c4 Qh4+ 37. Kg2 Qh2+ 38. Kf3 Qh1+ 39. Kxg3
h4+ 0-1